| 000 | 00509nam a2200217Ia 4500 | ||
|---|---|---|---|
| 008 | 170203s9999 xx 000 0 und d | ||
| 020 | _a9781846967139 | ||
| 050 | _a364.3 | ||
| 050 | _b.T749c 2008 | ||
| 100 | _aTownsend, John. | ||
| 245 | _aBank Robbery / | ||
| 245 | _cJohn Townsend | ||
| 260 | _aNew York : | ||
| 260 | _bTick Tock, | ||
| 260 | _c2008 | ||
| 300 | _a32 pages : | ||
| 300 | _c23 cm. | ||
| 440 | _aCSI. | ||
| 650 | _aForensic anthropology -- | ||
| 650 | _xJuvenile literature. | ||
| 999 |
_c305440 _d305440 |
||